00988cam a22002651 4500001001300000003000400013005001700017008004100034010001700075035001900092040005200111042001200163050002200175082001500197110004100212245009100253250002500344260006700369300001800436490008500454650005400539650004800593810006400641999001700705e 41000074 DLC20260227111230.0821030s1941 nyu s000 0 eng c ae 41000074  a(OCoLC)8908841 aU.S. Off. of educ. LibrarycICarbSdICarbSdDLC apremarc00aLB2351b.N45 1941 a371.2147472 aUniversity of the State of New York.10aSubject requirements for matriculation in colleges and universities of New York state. a aAlbany,bThe University of the state of New York press,c1941. a48 p.c23 cm.1 aUniversity of the state of New York bulletin ...vno. 1202 ... December 16, 1940 0aUniversities and collegesxEntrance requirements. 0aUniversities and collegeszNew York (State)2 aUniversity of the State of New York.tBulletin ;vno. 1202. c21804d21804